000
00305nam a2200109Ia 4500
008
220216s9999 xx 000 0 und d
245
0
_a
Implementation of strategies to develop rubber industry
260
_b
Rubber International Magazine
_c
1999
300
_a
68-70
650
_a
Rubber industry
942
_c
JS
999
_c
60801
_d
60801